Well-Being and Cultures : Perspectives from Positive Psychology /

Guardado en:
Detalles Bibliográficos
Autor principal: Hans Henrik Knoop, Antonella Delle Fave (edición)
Formato: Libro
Idioma:Inglés
Publicado: Dordrecht, Holanda : Springer, 2013, c2013
Colección:(Cross-Cultural Advancements in Positive Psychology)
Acceso en línea:Ver documento en línea
Etiquetas: Agrega una etiqueta
Sin etiquetas, Sé el primero en etiquetar este registro!

MARC

LEADER 00000nam^a22000000a04500
001 000600942
009 20260512124041.337
020 |a 978-94-007-4611-4 
022 |a 2210-5425 
037 |a Acervo ITESO - Biblioteca 
041 |a ING 
082 |a Libro en línea 
100 |a Hans Henrik Knoop, Antonella Delle Fave  |e (edición) 
245 |a Well-Being and Cultures :  |b Perspectives from Positive Psychology / 
264 4 |a Dordrecht, Holanda :  |b Springer,  |c 2013, c2013 
264 2 |a Cham, Suiza :  |b Springer Link [distribución],  |c 2025 
300 |a 1 libro electrónico en línea (VI, 222 p.) 
300 |a 1 recurso en línea 
336 |a datos para computadora  |b cod  |2 rdacontenido 
337 |a computadora  |b c  |2 rdamedio 
338 |a recurso en línea  |b cr  |2 rdasoporte 
440 |a (Cross-Cultural Advancements in Positive Psychology) 
506 0 |a Licencias ilimitadas 
567 |a Catalogación rápida 
649 |a XX 
856 4 0 |u https://link-springer-com.ezproxy.iteso.mx/10.1007/978-94-007-4611-4  |y Ver documento en línea 
910 |a Fondo General 
920 |a Electrónicos - Libros en Línea 
930 |a Plataforma Digital 
905 |a 205 
902 |a https://opac.biblio.iteso.mx/vufind/Record/000600942